Statistics for Most populous cities in the UK

Click here to take the quiz!

General Stats

  • This quiz has been taken 26 times
  • The average score is 11 of 15

Answer Stats

PopulationCity% Correct
7,556,900London
96%
395,515Manchester
96%
984,333Birmingham
91%
464,990Edinburgh
91%
591,620Glasgow
91%
864,122Liverpool
91%
617,280Bristol
83%
447,287Cardiff
83%
455,123Leeds
83%
685,368Sheffield
78%
729,977Nottingham
70%
508,916Leicester
52%
359,262Coventry
48%
335,415Sunderland
30%
372,775Stoke-on-Trent
22%

Score Distribution

Percentile by Number Answered

Percent of People with Each Score

Your Score History

You have not taken this quiz